000 01077nam a2200277 a 4500
003 MX-MxUPN
005 20241001063856.0
008 991125s1930 sp r 000 0 spa d
035 _aUPN01000027480
040 _aMX-MxUPN
_bspa
_cMX-MxUPN
041 0 _aspa
050 1 4 _aLC1021 C5
_bC6.38 1930
100 1 _aCompayré, Gabriel,
_d1843-1913
_930505
245 1 0 _aHerbert Spencer y la educación científica /
_cpor Gabriel Compayré ; tr. Domingo Barnés.
260 _aMadrid :
_bLa Lectura,
_c1930.
300 _a190 páginas
490 0 _aCiencia y educación. Educadores
500 _aA la cabeza de la cubierta: Biblioteca pedagógica
501 _aCon: Spencer y las buenas maneras / por Francisco Giner
600 1 4 _aSpencer, Herbert,
_d1820-1903
_94991
650 4 _aCiencia
_xEstudio y enseñanza
_96354
700 1 _aGiner de los Ríos, Francisco,
_d1839-1915
_928515
700 1 _aBarnés, Domingo,
_d1879-1940
_935469
_etraducción
710 2 _aInstituto Nacional de Pedagogía (México)
_epropietario anterior
_928088
740 0 _aSpencer y las buenas maneras
999 _c27480
_d27480